| 000 | 00784nam a2200253 4500 | ||
|---|---|---|---|
| 001 | 117885 | ||
| 003 | ES-MaACL | ||
| 005 | 20250826082718.0 | ||
| 007 | t| | ||
| 008 | 070214s1979 sp r ||||1| spa d | ||
| 080 | _a331.88(460)CNT | ||
| 080 | _a330.862:331.88 | ||
| 100 | 1 |
_aPeiró, Joan, _d1887-1942 _9240805 |
|
| 245 | 1 | 0 |
_aTrayectoria de la CNT : _bsindicalismo y anarquismo / _cJuan Peiro. |
| 250 | _a1ª ed. | ||
| 260 |
_aMadrid : _bJúcar, _c1979. |
||
| 300 |
_a196 p. ; _c20 cm. |
||
| 490 | 1 |
_aCrónica general de España ; _v18 |
|
| 610 | 2 | 4 |
_aConfederación Nacional del Trabajo (España) _93165 |
| 650 | 4 |
_aAnarcosindicalismo. _99778 |
|
| 830 | 1 |
_aCrónica general de España ; _v18 _9181791 |
|
| 852 | 4 |
_aES-MaACL _jA-10219 |
|
| 999 |
_c117885 _d117885 |
||